The man-eating leopard of Rudraprayag / (Record no. 76541)
[ view plain ]
| 000 -LEADER | |
|---|---|
| fixed length control field | 00834nam a2200289 a 4500 |
| 001 - CONTROL NUMBER | |
| control field | 76541 |
| 003 - CONTROL NUMBER IDENTIFIER | |
| rucl marc code | BD-RjUL |
| 005 - DATE AND TIME OF LATEST TRANSACTION | |
| control field | 20211209082846.0 |
| 008 - FIXED-LENGTH DATA ELEMENTS--GENERAL INFORMATION | |
| fixed length control field | 191218r19541948enkbcf 000 0 eng d |
| 035 ## - SYSTEM CONTROL NUMBER | |
| System control number | (OCoLC)25439978 |
| System control number | (BD-RjUL)76765 |
| 040 ## - CATALOGING SOURCE | |
| Original cataloging agency | REB |
| Transcribing agency | REB |
| Modifying agency | MYG |
| -- | BD-RjUL |
| Language of cataloging | eng |
| 041 ## - LANGUAGE CODE | |
| Language code of text/sound track or separate title | eng |
| 043 ## - GEOGRAPHIC AREA CODE | |
| Geographic area code | a-ii--- |
| 049 ## - LOCAL HOLDINGS (OCLC) | |
| Holding library | MYGG |
| 082 ## - DEWEY DECIMAL CLASSIFICATION NUMBER | |
| Edition number | 23 |
| Classification number | 599.75540954 |
| Author mark and year | COM 1954 |
| 100 1# - MAIN ENTRY--PERSONAL NAME | |
| Personal name | Corbett, Jim |
| Dates associated with a name | 1875-1955. |
| 9 (RLIN) | 236608 |
| 245 14 - TITLE STATEMENT | |
| Title | The man-eating leopard of Rudraprayag / |
| Statement of responsibility, etc. | Jim Corbett. |
| 260 ## - PUBLICATION, DISTRIBUTION, ETC. (IMPRINT) | |
| Place of publication, distribution, etc. | London; |
| -- | New York : |
| Name of publisher, distributor, etc. | Oxford Univ. Press, |
| Date of publication, distribution, etc. | 1948 [impression 1954] |
| 300 ## - PHYSICAL DESCRIPTION | |
| Pagination | 166 p.; |
| Size | 21 cm. |
| 650 #0 - SUBJECT ADDED ENTRY--TOPICAL TERM | |
| Topical term or geographic name as entry element | Leopard. |
| 9 (RLIN) | 187081 |
| Topical term or geographic name as entry element | Hunting |
| Geographic subdivision | India. |
| 9 (RLIN) | 236609 |
| 942 ## - ADDED ENTRY ELEMENTS (KOHA) | |
| Source of classification or shelving scheme | Dewey Decimal Classification |
| Koha item type | Books |
| Lost status | Source of classification or shelving scheme | Damaged status | Not for loan | Collection code | Permanent Location | Current Location | Shelving location | Date acquired | Total Checkouts | Full call number | Date last seen | Copy number | Koha item type |
|---|---|---|---|---|---|---|---|---|---|---|---|---|---|
| Dewey Decimal Classification | Not For Loan | Non-fiction | Central Library, University of Rajshahi | Central Library, University of Rajshahi | Reading Room | 18/12/2019 | 599.75540954 COM 1954 | 18/12/2019 | C-1 | Books |